000 00563nam a22002057a 4500
003 OSt
005 20140310181942.0
008 130724t xxu||||| |||| 00| 0 eng d
050 _aPR 5486
_b.St847 1993
082 _aCLA St4t
_b1993
100 _aStevenson, Robert Louis
_91663
245 _aTreasure island /
_cRobert Louis Stevenson.
260 _aOhio :
_bLandoll,
_cc1993.
300 _a216p ;
_c20 cm.
541 _j1
562 _e1
650 _2Fiction
650 _aAdventure and adventurers--Fiction
_92855
942 _2lcc
_cBBK
_kCLA
999 _c7683
_d7683